LEADER 01565nam 2200469 450 001 000000325 005 20090907091200.0 010 $a88-07-82029-3 100 $a--------d1997----km-y0itay0103----ba 101 0 $aita 102 $aIT 200 1 $a<> principe$fNiccolò Machiavelli$gcon uno scritto di G. W. F. Hegel ; cura di Ugo Dotti 200 1 $a1 $n0001728 205 $a6. ed. 210 $aMilano$cFeltrinelli$d1997 215 $a139 p.$d19 cm. 225 1 $aUniversale economica Feltrinelli$iI classici$v2029 676 $a320.01 700 1$aMachiavelli,$bNiccolò$0756705 702 1$aHegel,$bGeorg Wilhelm Friedrich$f<1770-1831> 702 1$aDotti,$bUgo 801 0$aIT$bUniversità della Basilicata - B.I.A.$gRICA$2unimarc 912 $a000000325 996 $aPrincipe$91525975 997 $aUNIBAS BAS $aMONLET BAS $aMONOGR BAS $aLETTERE CAT $aTROMBONE$b20$c19990426$lBAS01$h1301 CAT $aTROMBONE$b20$c19990426$lBAS01$h1305 CAT $c20000913$lBAS01$h1423 CAT $c20000920$lBAS01$h1827 CAT $c20001010$lBAS01$h1630 CAT $c20050601$lBAS01$h1752 CAT $abatch$b01$c20050718$lBAS01$h1046 CAT $c20050718$lBAS01$h1106 CAT $c20050718$lBAS01$h1136 CAT $c20050718$lBAS01$h1150 CAT $aBATCH$b00$c20070503$lBAS01$h1731 CAT $aATR$b40$c20090907$lBAS01$h0912 FMT Z30 -1$lBAS01$LBAS01$mBOOK$1BASA1$APolo Storico-Umanistico$2DID$BDidattica$3FP/86576$9FP/86576$686576$5L86576$819990426$f31$FDidattica Lettere